000 00801nas a2200277 4500
001 BR9207527
003 BR-BrBNA
005 20231205093015.0
007 ta
008 230509b bl.|||p| |||| 00| 00por d
040 _aBR-BrBNA
_bpor
_cBiblioteca Nacional de Agricultura
041 _a(Pt)
072 _aF30
100 1 _aSilva, J.A. da
100 1 _aLeite, E.J.
100 1 _aGripp, A.
245 1 _aEstrategia para conservacao genetica de especies florestais prioritarias na Amazonia
650 _aFLORESTA
650 _aGERMOPLASMA
650 _aBOTANICA
650 _aTAXONOMIA VEGETAL
650 _aAMAZONIA
773 0 _tActa Amazonica (Brazil)
_xISSN 0044-5967
_g(1986-1987), v. 16-17 p. 535-548
_wBR9207527
909 _a202311
_bLúcia
_c55
_dLúcia Elande
942 _2AGRIS
_n0
_cANA
999 _c135611
_d135611